00381nam a2200157Ia 4500008004100000020002200041041000800063082001500071100001800086245001500104260005000119300001400169365000800183650001400191700001800205260330s2016 xx 000 0 und d a978-1-4711-7239-7 aeng a158.1bBYR aBYRNE, RHONDA aTHE SECRET aCentral LondonbSIMON & SCHUSTER INC UKc2016 a202pgbPB cRs. aSelf-Help aBYRNE, RHONDA